000 00565nam a2200193 a 4500
005 20220811122336.0
008 040116s1998 cl r 000 0 spa d
020 _a9586650154
035 _aUPN01000131346
049 _aCG
050 4 _aHF5387
_bS2.2
100 1 _aSavater, Fernando,
_d1947-
245 1 3 _aLa dimensión ética de la empresa /
_cFernando Savater.
260 _aSanta Fe de Bogotá :
_bFundación Social :
_aSiglo del Hombre,
_c1998.
300 _a90 p.
440 0 _aConversaciones
650 4 _aÉtica en los negocios
_915096
905 _aLibro
999 _c103501
_d103501